عرض عادي
عرض مارك
- عبد الحميد، محمد محيى الدين
مدخل إسم شخص
001 - رقم الضبط
- حقل الضبط: 1139
003 - معرف رقم الضبط
- حقل الضبط: OSt
005 - تاريخ ووقت أخر عملية
- حقل الضبط: 20110720184109.0
008 - عناصر بيانات ثابتة الطول
- حقل تحكم ثابت الطول: 110720|||a|||||| | ||| d
040 ## - مصدر الفهرسة
- هيئة الفهرسة الأصلية: OSt
- وكالة الكتابة: OSt
100 ## - مدخل -- أسم شخص
- إسم شخص: عبد الحميد، محمد محيى الدين
- عنوان العمل: الانتصاف من الأنصاف.22
670 ## - بيانات المصدر موجوده
- الاستشهاد بالمصدر: Work cat.: (OSt)1265: الأنباري، عبد الرحمن بن محمد بن عبيد الله، 513-577 هـ. 1138, الأنصاف في مسائل الخلاف بين النحوين البصريين والكوفيين /, 1380 = 1961
